| 000 | 00763nam a2200205Ii 4500 | ||
|---|---|---|---|
| 003 | JO-AjNU | ||
| 008 | 230605s9999||||xx |||||||||||||| ||und|| | ||
| 040 |
_aJO-AjNU _bara _erda _cJO-AjNU |
||
| 041 | _aara | ||
| 050 | 1 | 4 | _aBP174.I2225.M8 1983 |
| 100 | 3 |
_aبن عبد الوهاب، محمد ؛ تحقيق زهير الشاويش, _eauthor _956491 |
|
| 245 | 0 | 0 | _aمختصر زاد المعاد للإمام ابن قيم الجوزية |
| 250 | _aط4 | ||
| 264 | 3 | 1 | _aبيروت-دمشق: المكتب الإسلامي، 1983 |
| 300 | _a248ص | ||
| 336 |
_atext _btxt _2rdacontent |
||
| 337 |
_aunmediated _bn _2rdamedia |
||
| 338 |
_avolume _bnc _2rdacarrier |
||
| 650 | 4 |
_aالعبادات- السيرة النبوية- الاحكام الشرعية _956492 |
|
| 999 |
_aA25258 _c28826 _d28826 |
||